000 00642nam a2200229 a 4500
001 BRCA_6690
005 20190320205544.0
008 171011s1935----mx-a######---#000-0#spa-#
041 _aspa
044 _amx
050 4 _aHD6996
_b.B33
_c1935
245 1 0 _aUn estudio del costo de la vida
_cFederico Bach
260 _aMéxico
_bEl Trimestre Económico
_c1935
300 _a40 p.
_bil.
_c22 cm.
500 _aIncluye cuadros de estadística
500 _aI73
650 1 4 _aCosto y nivel de vida
_zMéxico
_916728
651 4 _aMéxico
_xCondiciones económicas
_92842
700 1 _aBach, Federico
_916729
902 _aGFM
942 _2lcc
_cB
999 _c6373
_d6373